Sekolah-sekolah berhantu

Bibliographic Details
Main Author: Raiyana Salha Rahmat
Format: Book
Published: Kuala Lumpur : SAM Synergy Media Sdn Bhd , [s.n]
Series:Siri seram ngeri
Subjects:

MARC

LEADER 00000cam a2200000 7i4500
001 0000071672
005 20220622.0
008 170327
020 |a 9789674444129 
090 0 0 |a AD   |b MAL 
100 1 |a Raiyana Salha Rahmat 
245 1 0 |a Sekolah-sekolah berhantu   |c Raiyana Salha Rahmat 
260 |a Kuala Lumpur :   |b SAM Synergy Media Sdn Bhd ,   |c [s.n] 
490 1 |a Siri seram ngeri 
500 |a Children ages 10-12 years old (pink) 
581 8 0 |a Purchase 2016 
650 0 |a Ghost stories   |x Malay 
650 0 |a Horror tales   |x Malaysian 
650 0 |a Short stories   |x Malay 
999 |a 0001433776   |b Book   |c Children Collection   |e Cawangan Bukit Gambir 
999 |a 0001433777   |b Book   |c Children Collection   |e Cawangan Taman Sri Lambak 
999 |a 0001433778   |b Book   |c Children Collection   |e Cawangan Batu Pahat 
999 |a 0001433779   |b Book   |c Children Collection   |e Cawangan Bandar Penawar 
999 |a 0001433780   |b Book   |c Children Collection   |e Cawangan Muar 
999 |a 0001433781   |b Book   |c Children Collection   |e Cawangan Pontian 
999 |a 0001433782   |b Book   |c Children Collection   |e Cawangan Taman Universiti 
999 |a 0001433783   |b Book   |c Children Collection   |e Cawangan Mersing 
999 |a 0001433784   |b Book   |c Children Collection   |e Cawangan Tmn. Ungku Tun Aminah 
999 |a 0001433785   |b Book   |c Teenagers   |e Cawangan Bandar Tenggara 
999 |a 0001433786   |b Book   |c Children Collection   |e Cawangan Tangkak 
999 |a 0001433787   |b Book   |c Children Collection   |e Cawangan Segamat 
999 |a 0001433788   |b Book   |c Children Collection   |e Cawangan Sri Merlong 
999 |a 0001433789   |b Book   |c Children Collection   |e Cawangan Kota Tinggi 
999 |a 0001438595   |b Book   |c Children Collection   |e Perbadanan Perpustakaan Awam Johor 
999 |a 0001438596   |b Book   |c Children Collection   |e Perbadanan Perpustakaan Awam Johor 
999 |a 0001438597   |b Book   |c Children Collection   |e Cawangan AEON Kulaijaya 
999 |a 0001438598   |b Book   |c Adult Collection   |e Cawangan Urban Transformation Centre